000 00501nam a2200181Ia 4500
008 240729s9999 xx 000 0 und d
022 _a1392-1258
245 0 _aEkonomika
260 _aLithuania
260 _bVilnius University Press
650 _a Commerce | Social Sciences
650 _a Economic theory. Demography
650 _a Economics as a science
650 _aSocial Sciences
856 _uhttps://doaj.org/toc/960c4f156e574bd69f15b527656825f9
942 _2ddc
942 _cDOAJEJ
999 _c70100
_d70100
945 _a1
_bMadushi Gamage
_c1
_dMadushi Gamage